[Event "Madurai Athens of the East op-C 1st"]
[Site "Madurai"]
[Date "2019.08.14"]
[Round "3"]
[White "Vinoth Kumar, M1111"]
[Black "Alekhya, B."]
[Result "0-1"]
[WhiteElo "1404"]
[BlackElo "1566"]
[PlyCount "80"]
[EventDate "2019.08.14"]
[EventType "swiss"]
[EventRounds "10"]
[EventCountry "IND"]
[SourceTitle "EXT 2022"]
[Source "ChessBase"]
[SourceDate "2021.10.06"]
[SourceVersion "1"]
[SourceVersionDate "2021.10.06"]
[SourceQuality "1"]

1. e4 e6 2. d4 d5 3. Nc3 Bb4 4. e5 c5 5. a3 Bxc3+ 6. bxc3 Ne7 7. f4 Qc7 8. Nf3 b6 9. a4 Ba6 10. Bd3 Bxd3 11. Qxd3 Nbc6 12. Ba3 Nb8 13. 0-0 Nd7 14. Nh4 Ng6 15. Nf3 Nxf4 16. Qe3 Ng6 17. Ng5 0-0 18. Rf3 h6 19. Nh3 Nh4 20. Rf4 Nf5 21. Qe2 Rfc8 22. g4 cxd4 23. gxf5 Qxc3 24. Qf1 Qe3+ 25. Kh1 Rc3 26. fxe6 fxe6 27. Rf7 Qe4+ 28. Kg1 Qg6+ 29. Qg2 Qxg2+ 30. Kxg2 Kxf7 31. Rf1+ Kg8 32. Bd6 Rxc2+ 33. Kg3 g5 34. Nf2 Rac8 35. Kg4 Kg7 36. h4 Kg6 37. hxg5 hxg5 38. Nh3 Rg2+ 39. Kf3 Rcc2 40. Nf2 Rgxf2+ 0-1